La gran aventura del Reino de Asturias : (Record no. 193321)

MARC details
000 -LEADER
campo de control de longitud fija 02338nam a2200421 i 4500
001 - NÚMERO DE CONTROL
campo de control 193321
003 - IDENTIFICADOR DE NÚMERO DE CONTROL
campo de control SpMaBN
005 - FECHA Y HORA DE LA ÚLTIMA TRANSACCIÓN
campo de control 20250731003421.0
007 - CAMPO FIJO DE DESCRIPCIÓN FÍSICA--INFORMACIÓN GENERAL
campo de control de longitud fija ta
008 - DATOS DE LONGITUD FIJA--INFORMACIÓN GENERAL
campo de control de longitud fija 231102s2009 sp | |||| 000 0 spa
017 ## - NÚMERO DE COPYRIGHT O DE DEPÓSITO LEGAL
Número de copyright o de depósito legal M 48465-2009
Agencia que asigna Oficina Depósito Legal Madrid
020 ## - NÚMERO INTERNACIONAL ESTÁNDAR DEL LIBRO
Número Internacional Estándar del Libro 9788497348874
035 ## - NÚMERO DE CONTROL DEL SISTEMA
Número de control de sistema (OCoLC)465205730
035 ## - NÚMERO DE CONTROL DEL SISTEMA
Número de control de sistema a4649335
040 ## - FUENTE DE CATALOGACIÓN
Centro catalogador/agencia de origen SpMaBN
Lengua de catalogación spa
Centro/agencia transcriptor SpMaBN
Normas de descripción rdc
Centro/agencia modificador ES-MaACL
080 ## - NÚMERO DE LA CLASIFICACIÓN DECIMAL UNIVERSAL
Número de la Clasificación Decimal Universal 94(460.12)"07/09"
080 ## - NÚMERO DE LA CLASIFICACIÓN DECIMAL UNIVERSAL
Número de la Clasificación Decimal Universal 94(460)"0711/1492"
100 1# - ENTRADA PRINCIPAL--NOMBRE DE PERSONA
Nombre de persona Esparza, José Javier,
Fechas asociadas al nombre 1963-
Número de control del registro de autoridad o número normalizado XX956859
9 (RLIN) 47782
Término indicativo de función/relación Autor
245 13 - MENCIÓN DEL TÍTULO
Título La gran aventura del Reino de Asturias :
Resto del título así empezó la Reconquista /
Mención de responsabilidad, etc. José Javier Esparza
250 ## - MENCION DE EDICION
Mención de edición Segunda edición: noviembre de 2009
260 ## - PUBLICACIÓN, DISTRIBUCIÓN, ETC.
Lugar de publicación, distribución, etc. Madrid :
Nombre del editor, distribuidor, etc. La Esfera de los Libros,
Fecha de publicación, distribución, etc. 2009
300 ## - DESCRIPCIÓN FÍSICA
Extensión 496 páginas ;
Dimensiones 25 cm
336 ## - TIPO DE CONTENIDO
Fuente rdacontent
Término de tipo de contenido Texto
337 ## - TIPO DE MEDIO
Fuente rdamedia
Nombre/término del tipo de medio sin mediación
338 ## - TIPO DE SOPORTE
Fuente rdacarrier
Nombre/término del tipo de soporte volumen
500 ## - NOTA GENERAL
Nota general Índice
504 ## - NOTA DE BIBLIOGRAFÍA, ETC.
Nota de bibliografía, etc. Bibliografía: páginas 495-496
520 ## - RESUMEN, ETC.
Sumario, etc. El nacimiento del reino de Asturias bajo la España musulmana fue una empresa titánica de resistencia y supervivencia. Una de las aventuras más fascinantes no sólo de la Historia de España, sino de la historia universal. Aunque resulta inconcebible que un puñado de rebeldes cristianos consiguiera formar en el norte de la Península un reino independiente frente al mayor poder de su tiempo y, después, extenderlo hacia el sur en una tenaz labor de repoblación, eso es lo que ocurrió en torno a Covadonga, entre Asturias y Cantabria, a partir del año 722. ¿Cómo fue posible semejante proeza? ¿Quiénes fueron sus autores? ¿Cómo se llamaban los heroicos pioneros que empezaron a ganar tierras hacia el sur, gracias a sus azadas más que a sus espadas?
651 #4 - PUNTO DE ACCESO ADICIONAL DE MATERIA--NOMBRE GEOGRÁFICO
Nombre geográfico Asturias (Reino)-
Subdivisión general Historia
Fuente del encabezamiento o término embne
9 (RLIN) 7835
651 #0 - PUNTO DE ACCESO ADICIONAL DE MATERIA--NOMBRE GEOGRÁFICO
Nombre geográfico España-
Subdivisión general Historia-
Subdivisión cronológica 711-1492 (Reconquista)
9 (RLIN) 234468
852 ## - LOCALIZACIÓN
Ubicación ES-MaACL
Sublocalización o colección R.154788
Ubicación en estantería Depósito J
Donativo/Legado Donación: José Lázaro García
Encuadernación Encuadernación cartoné con sobrecubiertas
itemnumber 200767
Número de control de estantería N-9508
903 ## - NOMBRE PERSONAL DE DONANTE
9 234219
a Lázaro García, José
e Donante
942 ## - ELEMENTOS DE ENTRADA SECUNDARIOS (KOHA)
Suprimir en OPAC No
Tipo de ítem Koha Libro impreso
Holdings
Estatus retirado Estado de pérdida Fuente del sistema de clasificación o colocación Especificación de materiales (volumen encuadernado u otra parte) Estado de daño No para préstamo Biblioteca de origen Biblioteca actual Ubicación en estantería Fecha de adquisición Fuente de adquisición Total de préstamos Signatura topográfica completa Código de barras Visto por última vez Tipo de ítem Koha
    Clasificación decimal universal Enc. cartoné     Biblioteca del Ateneo de Madrid Biblioteca del Ateneo de Madrid Depósito J 02/11/2023 Donación   N-9508 101206058 02/11/2023 Libro impreso